000 00701cam a22002174a 4500
001 13680953
005 20250114174909.0
008 040809s2005 nyua b 001 0 eng
020 _a0321243528 (alk. paper)
020 _a0321217381 (pbk. : alk. paper)
050 0 0 _aJK276
_b.G74 2005
082 0 0 _a320.473
_222
100 1 _aGreenberg, Edward S.,
_d1942-
245 1 4 _aThe struggle for democracy /
_cEdward S. Greenberg, Benjamin I. Page.
250 _a7th ed.
260 _aNew York :
_bPearson Longman,
_cc2005.
300 _axxviii, 568, A1-24, G1-8, E1-19, C1-2, I1-21 p. :
_bcol. ill. ;
_c29 cm.
650 0 _aDemocracy
_zUnited States.
700 1 _aPage, Benjamin I.
942 _2lcc
_cBK
_n0
999 _c2530
_d2530